| 000 | 00855cam a2200301ua 4500 | ||
|---|---|---|---|
| 001 | 1055735 | ||
| 003 | ARRUPE | ||
| 005 | 20161017160030.0 | ||
| 008 | 920114s1991 sa af 001 0 eng d | ||
| 020 | _a0869754106 | ||
| 035 | _a(OCoLC)24490772 | ||
| 035 | _a(OCoLC)ocm24490772 | ||
| 035 | _a(CStRLIN)NYCG92-B3458 | ||
| 035 | _a(NNC)1055735 | ||
| 040 |
_aInU _cInU _dCU |
||
| 043 | _af-sa--- | ||
| 050 | _aHD 8801.A5B37 1991 | ||
| 090 |
_aHD8801.A5 _bB37 1991g |
||
| 100 | 1 |
_aBaskin, Jeremy. _926830 |
|
| 245 | 1 | 0 |
_aStriking back : _ba history of Cosatu / _cJeremy Baskin. |
| 260 |
_aJohannesburg : _bRaven Press, _c1991. |
||
| 300 |
_axv, 488 p.; _bill. ; _c21 cm. |
||
| 500 | _aIncludes index. | ||
| 610 | 2 | 0 |
_aCosatu _xHistory. _926831 |
| 650 | 0 |
_aLabor unions _zSouth Africa _xHistory. _926832 |
|
| 942 |
_2lcc _cMONOGRAPH |
||
| 999 |
_c125535 _d125535 |
||